| 000 | 00649nam a22002057a 4500 | ||
|---|---|---|---|
| 003 | BD-ChCU | ||
| 005 | 20260511094130.0 | ||
| 008 | 260511b ny ||||| |||| 00| 0 eng d | ||
| 020 | _a9780128034040 | ||
| 040 | _cBD-ChCU | ||
| 082 |
_223 _a304.25095492 M733e |
||
| 100 |
_aMomtaz, Salim. _922715 |
||
| 245 |
_aExperiencing climate change in Bangladesh : _bvulnerability and adoptation in coastal regions / _cSalim Momtaz. |
||
| 260 |
_aNew York : _bElsevier, _c2026 |
||
| 300 | _a157 P. : | ||
| 504 | _aIncludes. | ||
| 650 | 0 |
_aSea level -Bangladesh ; Climate change. _922716 |
|
| 700 |
_aShameem, Masud Iqbal Md. _922718 |
||
| 942 |
_2ddc _cBK _n0 |
||
| 999 |
_c112843 _d112843 |
||